Normal view MARC view
  • Dr. Muhammad Usman Akram

Entry Personal Name

Number of records used in: 30

001 - CONTROL NUMBER

  • control field: 16084

003 - CONTROL NUMBER IDENTIFIER

  • control field: NUST

005 - DATE AND TIME OF LATEST TRANSACTION

  • control field: 20190630134009.0

008 - FIXED-LENGTH DATA ELEMENTS

  • fixed length control field: 190630|| aca||aabn | a|a d

040 ## - CATALOGING SOURCE

  • Original cataloging agency: NUST
  • Transcribing agency: NUST

100 ## - HEADING--PERSONAL NAME

  • Personal name: Dr. Muhammad Usman Akram

670 ## - SOURCE DATA FOUND

  • Source citation: Work cat.: (NUST)524849: Ejaz, Adeel 16079, Fingerprint Matching Using Relaxation Local Greedy Search &Automated Detection of Partial Fingerprint Images/, Islamabad.
© 2023 Central Library, National University of Sciences and Technology. All Rights Reserved.